| 000 | 00487nam a2200169 4500 | ||
|---|---|---|---|
| 001 | 107247 | ||
| 003 | ES-MaACL | ||
| 005 | 20230906184356.0 | ||
| 007 | t| | ||
| 008 | 061121s1956 sp r ||||1| spa d | ||
| 100 | 1 |
_aMorán, Epifanio. _983097 |
|
| 245 | 1 | 2 |
_a" Fuego vine a poner ` _b: ( Evangelio y Eucaristía ) / _cEpifanio Morán. |
| 250 | _a2.ª ed. | ||
| 260 |
_aMadrid : _bEl Perpetuo Socorro, _c1956. |
||
| 300 |
_a416 p., ; _c17 cm. |
||
| 852 |
_aES-MaACL _jC-11683 _bR.39361 |
||
| 999 |
_c107247 _d107247 |
||